000 00816nam a2200205 a 4500
003 0
005 20250602164451.0
008 021126s19uu xx 00 eng d
050 _aPGS TX 364
_b.D521 2000
100 _aDe Wit, Angelica B.
245 _aA study of the awareness of Southville International School, grade 5 students on the nutritional value of the food they eat /
_cAngelica B. De Wit.
260 _aLas PiƱas City, Philippines :
_bSouthville International School and Colleges,
_c2000.
300 _aUnpaged :
_bcolored illustrations ;
_c28 cm.
504 _aIncludes bibliographical references.
650 _aFood
_vNutritional aspects.
650 _aStudents
_vNutrition knowledge.
650 _aNutrition
_vChildren.
650 _aNutrition education
_vElementary students.
942 _2lcc
_cPASS
999 _c96387
_d96387